|
|
|
|
| LEADER |
00000nam0a2200000 4500 |
| 001 |
169427 |
| 005 |
20231031163421.0 |
| 035 |
|
|
|a (RuTPU)RU\TPU\book\183784
|
| 090 |
|
|
|a 169427
|
| 100 |
|
|
|a 20091112d1954 m y0rusy50 ca
|
| 101 |
0 |
|
|a rus
|
| 102 |
|
|
|a RU
|
| 105 |
|
|
|a a z 000zy
|
| 200 |
1 |
|
|a Способ осмотра стенок и забоя скважин
|f А. М. Викторов
|
| 210 |
|
|
|a Москва
|c Госгеолтехиздат
|d 1954
|
| 215 |
|
|
|a 16 с.
|c ил.
|
| 610 |
1 |
|
|a буровые скважины
|
| 610 |
1 |
|
|a стенки
|
| 610 |
1 |
|
|a забой
|
| 610 |
1 |
|
|a буроскопы
|
| 610 |
1 |
|
|a устройство
|
| 610 |
1 |
|
|a изготовление
|
| 675 |
|
|
|a 622.288
|v 3
|
| 700 |
|
1 |
|a Викторов
|b А. М.
|
| 801 |
|
1 |
|a RU
|b 63413507
|c 20091112
|
| 801 |
|
2 |
|a RU
|b 63413507
|c 20100219
|g RCR
|
| 942 |
|
|
|c BK
|